LIBRARY & INFORMATION CENTRE, KCAET, TAVANUR

ONLINE PUBLIC ACCESS CATALOGUE (OPAC)

Anglo saxon poetry / (Record no. 4990)

MARC details
000 -LEADER
fixed length control field 00467cam a2200181ua 4500
041 ## - LANGUAGE CODE
Language code of text/sound track or separate title eng
082 ## - DEWEY DECIMAL CLASSIFICATION NUMBER
Classification number 821
Item number GOR/AN
100 ## - MAIN ENTRY--AUTHOR NAME
Personal name Gordon, R K .
245 ## - TITLE STATEMENT
Title Anglo saxon poetry /
260 ## - PUBLICATION, DISTRIBUTION, ETC. (IMPRINT)
Place of publication London :
Name of publisher J M Dent and Sons Ltd ,
Year of publication 1962.
300 ## - PHYSICAL DESCRIPTION
Number of Pages 334 ; .
490 0# - SERIES STATEMENT
Series statement Everyman`s Library,
Volume number/sequential designation 794
942 ## - ADDED ENTRY ELEMENTS (KOHA)
Koha item type Books
Holdings
Withdrawn status Lost status Damaged status Home library Current library Date acquired Full call number Accession Number Koha item type
Withdrawn     KAUAET Malayalam University 07/04/2012 821 4450 Books
Withdrawn     KAUAET Malayalam University 07/04/2012 821 11769 Books
free website counter